| Tag |
First Indicator |
Second Indicator |
Subfields |
| LEADER |
00000cam a2200000Ia 4500 |
| 001 |
in00002444721 |
| 005 |
20211202190348.0 |
| 006 |
m d f |
| 007 |
cr bn||||||||| |
| 008 |
081210s2006 dcua sb f000 0 eng d |
| 035 |
|
|
|a (OCoLC)ocn277549538
|
| 040 |
|
|
|a GPO
|c GPO
|d MvI
|d UtOrBLW
|
| 043 |
|
|
|a n-us---
|
| 049 |
|
|
|a WWW
|
| 074 |
|
|
|a 1051-H-11 (online)
|
| 086 |
0 |
|
|a Y 3.N 88:25/6919
|
| 088 |
|
|
|a NUREG/CR-6919
|
| 088 |
|
|
|a BNL-NUREG-77174-2006
|
| 100 |
1 |
|
|a Morante, R. J.
|
| 245 |
1 |
0 |
|a Recommendations for revision of seismic damping values in Regulatory guide 1.61 /
|c prepared by R.J. Morante.
|
| 264 |
|
1 |
|a Washington, DC :
|b Division of Fuel, Engineering, and Radiological Research, Office of Nuclear Regulatory Research, U.S. Nuclear Regulatory Commission,
|c 2006.
|
| 300 |
|
|
|a xvi, 32 pages :
|b digital, PDF file.
|
| 336 |
|
|
|a text
|b txt
|2 rdacontent
|
| 337 |
|
|
|a computer
|b c
|2 rdamedia
|
| 338 |
|
|
|a online resource
|b cr
|2 rdacarrier
|
| 538 |
|
|
|a Mode of access: Internet from the NRC web site. Address as of 12/9/08: http://www.nrc.gov/reading-rm/doc-collections/nuregs/contract/cr6919/cr6919.pdf ; current access available via PURL.
|
| 500 |
|
|
|a Title from title screen (viewed on Dec. 9, 2008).
|
| 500 |
|
|
|a "Brookhaven National Laboratory."
|
| 500 |
|
|
|a "Date published: November 2006."
|
| 504 |
|
|
|a Includes bibliographical references (pages 29-31).
|
| 500 |
|
|
|a "NUREG/CR-6919."
|
| 500 |
|
|
|a "BNL-NUREG-77174-2006."
|
| 500 |
|
|
|a Electronic resource.
|
| 650 |
|
0 |
|a Nuclear power plants
|x Earthquake effects.
|
| 650 |
|
0 |
|a Earthquake resistant design.
|
| 650 |
|
0 |
|a Damping (Mechanics)
|
| 776 |
0 |
|
|t Recommendations for revision of seismic damping values in regulatory guide 1.61
|h xv, 31 p.
|w (OCoLC)123016519
|
| 710 |
2 |
|
|a U.S. Nuclear Regulatory Commission.
|b Division of Fuel, Engineering, and Radiological Research.
|
| 710 |
2 |
|
|a Brookhaven National Laboratory.
|
| 856 |
4 |
0 |
|u https://purl.fdlp.gov/GPO/LPS106360
|t 0
|
| 999 |
|
|
|a MARS
|
| 999 |
f |
f |
|s 0bbdb97d-b14e-3edf-8444-599c43b9a6bf
|i fbf5c6fc-ee35-3b5f-972f-850c7135a171
|t 0
|
| 952 |
f |
f |
|a Texas A&M University
|b College Station
|c Electronic Resources
|d Available Online
|t 0
|e Y 3.N 88:25/6919
|h Superintendent of Documents classification
|
| 998 |
f |
f |
|a Y 3.N 88:25/6919
|t 0
|l Available Online
|